Nadštandardná rodinná vila

Na minha lista:
Detalhes bibliográficos
Autor principal: Šulko, Dávid, 1988- (Author)
Outros Autores: Chmúrny, Ivan, 1950- (Thesis advisor)
Formato: Manuscrito Livro
Idioma:eslovaco
Publicado em: Bratislava : STU v Bratislave SvF, 2013
Assuntos:
Acesso em linha:VAIS
Tags: Adicionar Tag
Sem tags, seja o primeiro a adicionar uma tag!

MARC

LEADER 00000ntm a22000003a 4500
001 stu271485
005 20150617230233.4
008 130719s2013----xo------------------slo-d
040 |a STU  |b slo 
041 0 |a slo 
044 |a xo 
100 1 |a Šulko, Dávid,  |d 1988-  |4 aut  |u V  |T SvF Stavebná fakulta  |X 51080  |U V  |Y 10  |7 A000051080 
242 0 0 |a Above standard family villa  |y eng 
245 1 |a Nadštandardná rodinná vila  
260 |a Bratislava :  |b STU v Bratislave SvF,  |c 2013 
650 7 |a Architectural Constructions and Design  |2 estusub 
650 7 |a terrace  |2 estusub 
650 7 |a posilňovňa  |2 stusub 
650 7 |a wellness  |2 estusub 
650 7 |a wellness  |2 stusub 
650 7 |a terasa  |2 stusub 
700 1 |a Chmúrny, Ivan,  |d 1950-  |4 ths  |u V180  |U SvF Stavebná fakulta  |T SvF Katedra konštrukcií pozemných stavieb  |X 865  |U V180  |Y 18  |7 A000000865 
856 4 |a info a plný text  |u http://is.stuba.sk/zp/portal_zp.pl?podrobnosti=93730  |3 VAIS